| 000 | 00661nam a2200217Ia 4500 | ||
|---|---|---|---|
| 005 | 20260429112027.0 | ||
| 008 | 260429s9999||||xx |||||||||||||| ||und|| | ||
| 020 | _a9781032484532 | ||
| 041 | _aEnglish | ||
| 082 |
_a150.72 _bWOL |
||
| 100 | _aWolgemuth, Jennifer R. | ||
| 245 | 0 |
_aExpanding approaches to thematic analysis : _bcreative engagements with qualitative data / _cJennifer R. Wolgemuth |
|
| 250 | _a1st ed. | ||
| 260 |
_aUnited Kingdom : _bRoutledge, _c2025. |
||
| 300 | _axviii, 297 p.; pbk | ||
| 650 | _a Qualitative research | ||
| 650 | _aPsychology | ||
| 700 | _a Guyotte, Kelly W. | ||
| 700 | _a Shelton, Stephanie Anne | ||
| 942 | _cTB | ||
| 999 |
_c51960 _d51960 |
||